LIBRARY ONLINE CATALOGUE

IATEFL 38th international conference Liverpool 13-17 April 2004 : (Record no. 5939)

MARC details
000 -LEADER
fixed length control field 00821cam a22002292 4500
001 - CONTROL NUMBER
control field 0000002611
005 - DATE AND TIME OF LATEST TRANSACTION
control field 20151217151900.0
008 - FIXED-LENGTH DATA ELEMENTS--GENERAL INFORMATION
fixed length control field 070416s xx 000 0 eng d
020 ## - INTERNATIONAL STANDARD BOOK NUMBER
International Standard Book Number 1901095266 :
040 ## - CATALOGING SOURCE
Original cataloging agency KABU
Transcribing agency KABU
050 #0 - LIBRARY OF CONGRESS CALL NUMBER
Classification number PE1128
Item number .A2I58 2004
110 2# - MAIN ENTRY--CORPORATE NAME
Corporate name or jurisdiction name as entry element International Association of Teachers of English as a Foreign Language.
-- 0000152034
245 10 - TITLE STATEMENT
Title IATEFL 38th international conference Liverpool 13-17 April 2004 :
Statement of responsibility, etc. ed. by Alan Pulverness.
246 3# - VARYING FORM OF TITLE
Title proper/short title IATEFL 2004 Liverpool conference selections
260 ## - PUBLICATION, DISTRIBUTION, ETC. (IMPRINT)
Place of publication, distribution, etc. Cantebury :
Name of publisher, distributor, etc. IATEFL,
Date of publication, distribution, etc. 2004.
300 ## - PHYSICAL DESCRIPTION
Extent 173 p.
650 #0 - SUBJECT ADDED ENTRY--TOPICAL TERM
Topical term or geographic name as entry element English language
General subdivision study and teaching
-- Foreign Speakers.
-- 0000152032
700 1# - ADDED ENTRY--PERSONAL NAME
Personal name Pulverness, Alan.
-- 0000152035
908 ## - PUT COMMAND PARAMETER (RLIN)
Put command parameter 070416
950 ## - LOCAL HOLDINGS (RLIN)
-- 1
Holdings
Withdrawn status Lost status Source of classification or shelving scheme Not for loan Home library Current library Date acquired Total Checkouts Full call number Barcode Date last seen Price effective from Koha item type
    Library of Congress Classification   Kabarak, Main Campus Kabarak, Main Campus 17/12/2015   PE1128 .A2I58 2004 007961 17/12/2015 17/12/2015 General Collection